Catálogo
 En Linea

Páginas efímeras / (Registro nro. 32478)

Detalles MARC
000 -CABECERA
campo de control de longitud fija 00432nam a2200145 a 4500
001 - NÚMERO DE CONTROL
campo de control 000032987
005 - FECHA Y HORA DE LA ÚLTIMA TRANSACCIÓN
campo de control 20240614093609.0
008 - DATOS DE LONGITUD FIJA--INFORMACIÓN GENERAL
campo de control de longitud fija 110805s1912 dr 000 0 spa d
040 ## - FUENTE DE LA CATALOGACIÓN
Centro catalogador/agencia de origen DO-SdBNP
Lengua de catalogación spa
Centro/agencia transcriptor BNPHU
082 ## - NÚMERO DE LA CLASIFICACIÓN DECIMAL DEWEY
Número de clasificación xxx
Número de documento/Ítem G216p
100 1# - ENTRADA PRINCIPAL--NOMBRE DE PERSONA
Nombre de persona García Godoy, Federico,
Fechas asociadas al nombre 1857-1924
9 (RLIN) 1669
245 10 - MENCIÓN DE TÍTULO
Título Páginas efímeras /
Mención de responsabilidad, etc. F. García Godoy.
260 ## - PUBLICACIÓN, DISTRIBUCIÓN, ETC.
Lugar de publicación, distribución, etc. Santo Domingo :
Nombre del editor, distribuidor, etc. La cuna de América,
Fecha de publicación, distribución, etc. 1912.
300 ## - DESCRIPCIÓN FÍSICA
Extensión 346 p. ;
Dimensiones 19 cm.
Existencias
Estado de retiro Estado de pérdida Restricciones de uso No para préstamo Código de colección Localización permanente Ubicación/localización actual Ubicación en estantería Fecha de adquisición Número de inventario Total de préstamos Signatura topográfica completa Código de barras Fecha visto por última vez Número de copia Precio válido a partir de Tipo de ítem Koha Nota pública
      Excluido de préstamo Raros y valiosos General General En catalogación 10.08.2011 LF1   xxx G216p 32987-30 25.06.2020 e. 3 25.06.2020 No se presta Perteneció a la biblioteca personal Federico Henríquez y Carvajal
      Excluido de préstamo Raros y valiosos Patrimonio Dominicano Patrimonio Dominicano En catalogación 05.08.2011 LF1   xxx G216p 32987-10 25.06.2020   25.06.2020 No se presta Perteneció a la biblioteca personal de Federico Henríquez y Carvajal
      Excluido de préstamo Raros y valiosos Patrimonio Dominicano Patrimonio Dominicano En catalogación 10.08.2011 LF1   xxx G216p 32987-20 25.06.2020 e. 2 25.06.2020 No se presta Perteneció a la biblioteca personal de Martínez Boog

Con tecnología Koha